Banka v r. 2000.
Prognostické úvahy o situácii v bankovníctve na prelome tisícročia: Banky budú na globálny dopyt odpovedať globálnou ponukou, veľké ústavy budú musieť vyvinúť a uplatniť svetovú značku na všetkých úrovniach svojej obchodnej siete, banka bude v čoraz väčšej miere zdrojom a nástrojom informačnej siete...
Enregistré dans:
| Format: | Chapitre de livre |
|---|---|
| Langue: | tchèque |
| Sujets: | |
| Tags: |
Pas de tags, Soyez le premier à ajouter un tag!
|
MARC
| LEADER | 00000naa a2200000 4500 | ||
|---|---|---|---|
| 001 | r011446 | ||
| 005 | 20220826094429.7 | ||
| 041 | 0 | |a cze | |
| 044 | |a [CS] | ||
| 245 | 1 | 0 | |a Banka v r. 2000. |
| 520 | |a Prognostické úvahy o situácii v bankovníctve na prelome tisícročia: Banky budú na globálny dopyt odpovedať globálnou ponukou, veľké ústavy budú musieť vyvinúť a uplatniť svetovú značku na všetkých úrovniach svojej obchodnej siete, banka bude v čoraz väčšej miere zdrojom a nástrojom informačnej siete, banky budú podriadené kritériám riadenia a selektívnosti, zosilneným vládou vlastných prostriedkov. | ||
| 610 | 2 | 0 | |a banky |
| 610 | 2 | 0 | |a bankovníctvo |
| 610 | 2 | 0 | |a 2000 |
| 610 | 2 | 0 | |a služby |
| 610 | 2 | 0 | |a systémy informačné |
| 610 | 2 | 0 | |a riadenie |
| 610 | 2 | 0 | |a prognózy |